000
00312nam a22001337a 4500
008
171213b xxu||||| |||| 00| 0 eng d
020
_a
2900393935539
041
_a
eng
080
_2
3 ED
_a
94
100
_a
17
101
_a
HIS
245
_a
GIVE ME LBERTY AN AMERICAN HISTORY
_c
FONER.E
942
_2
udc
_c
BK
999
_c
38886
_d
38886